| 000 | 00830nam a22002057a 4500 | ||
|---|---|---|---|
| 005 | 20160127103058.0 | ||
| 010 | _aENG-114491 | ||
| 020 |
_a9789350355954 _c895.00 |
||
| 035 | _aEN-98023 | ||
| 037 | _bDBAD/PUB | ||
| 082 | _a353.5409944 | ||
| 100 | _aBhansali, S.R. | ||
| 245 |
_aCommentary on the information technology act : _cby S.R. Bhansali _ban exhaustive section-wise commentary on The Information Technology Act, 2000 along with rules, regulations, orders guidelines, notifications, model law on e-commerce, state laws and proformas / |
||
| 250 | _a3rd ed | ||
| 260 |
_aGurgaon _bLexisNexis _c2015 |
||
| 270 |
_a14th Floor, Building No.10, Tower-B, DLF Cyber City, Phase-II _bGurgaon _e122002 |
||
| 300 |
_axlii,669p. _c25cm(Hb) |
||
| 500 | _aIncludes index | ||
| 942 |
_2ddc _cEN _mBHA _h343.5409944 |
||
| 999 |
_c98359 _d98359 |
||